Neotvírat!!!. Saje! /
Humorný příběh tří kamarádů, na které v balíčku čeká další tajemný tvor.
Uloženo v:
| Série: | Neotvírat!!!,
část 3 |
|---|---|
| Hlavní autor: | |
| Další autoři: | , |
| Médium: | E-kniha |
| Jazyk: | Czech |
| Vydáno: |
Praha :
Dobrovský s.r.o.,
2020
|
| Edice: | Drobek
|
| Témata: | |
| Příbuzné jednotky: | Přeloženo z:
Bitte nicht öffnen! Z cyklu:: Neotvírat!!! |
| Tagy: |
Žádné tagy |
| LEADER | 02875cam a2200541 i 4500 | ||
|---|---|---|---|
| 001 | 311250 | ||
| 003 | CZ PrSKC | ||
| 005 | 20260601215702.0 | ||
| 007 | ta | ||
| 008 | 200915s2020 xr a b 000 j cze d | ||
| 015 | |a cnb003254296 | ||
| 020 | |a 9788075857248 |q (vázáno) | ||
| 035 | |a (OCoLC)1250248842 | ||
| 040 | |a CBA001 |b cze |d ABG001 |e rda | ||
| 041 | 1 | |a cze |h ger | |
| 072 | 7 | |a 821.112.2-3 |x Německá próza, německy psaná |2 Konspekt | |
| 072 | 7 | |a 821-93 |x Literatura pro děti a mládež (beletrie) |2 Konspekt | |
| 080 | |a 821.112.2-32 |2 MRF | ||
| 080 | |a 821-93 |2 MRF | ||
| 080 | |a (0:82-32) |2 MRF | ||
| 100 | 1 | |a Habersack, Charlotte, |d 1966- |7 ola2010548502 |4 aut | |
| 240 | 1 | 0 | |a Durstig!. |l Česky |
| 245 | 1 | 0 | |a Neotvírat!!!. |p Saje! / |c Charlotte Habersack ; ilustrace Fréderic Bertrand ; z německého originálu Bitte nicht öffnen! - Durstig! přeložila Iva Zündorf |
| 246 | 3 | 0 | |a Saje! |
| 246 | 3 | 0 | |a Neotvírat!!! Saje! |
| 264 | 1 | |a Praha : |b Dobrovský s.r.o., |c 2020 | |
| 300 | |a 203 stran : |b ilustrace ; |c 21 cm | ||
| 336 | |a text |b txt |2 rdacontent | ||
| 337 | |a bez média |b n |2 rdamedia | ||
| 338 | |a svazek |b nc |2 rdacarrier | ||
| 490 | 1 | |a Drobek | |
| 500 | |a Na hřbetu číslo svazku v sérii: 3 | ||
| 500 | |a Na obálce výřez s obrázkem oka | ||
| 520 | 2 | |a Humorný příběh tří kamarádů, na které v balíčku čeká další tajemný tvor. |b Nemo už toho má dost! Zrovna teď, když se musí učit na písemku z matematiky! Na další příšerku teď vážně nemá čas! Když zase u dveří najde balíček, ani ho neotevře a odnese ho zpátky na poštu. Ve městě se přesto začnou dít neuvěřitelné věci. Horní Suchopár najednou pohltí černočerná tma. A nejen to. Někdo ten balíček musel otevřít! A to, co bylo uvnitř, teď běhá po městě! Nemo, Otka a Béda vůbec netuší, co to je. Vědí jen, že na balík někdo načmáral: „Neotvírat! Saje!“ Nakladatelská anotace. Kráceno. | |
| 655 | 7 | |a německé příběhy |7 fd132944 |2 czenas | |
| 655 | 7 | |a publikace pro děti |7 fd133156 |2 czenas | |
| 655 | 9 | |a German stories |2 eczenas | |
| 655 | 9 | |a children's literature |2 eczenas | |
| 700 | 1 | |a Bertrand, Fréderic, |d 1981- |7 ola2015871441 |4 ill | |
| 700 | 1 | |a Zündorf, Iva, |d 1962- |7 jn20001227745 |4 trl | |
| 765 | 0 | |t Bitte nicht öffnen! | |
| 787 | 0 | 8 | |i Z cyklu: |t Neotvírat!!! |g 3 |
| 830 | 0 | |a Drobek | |
| 900 | |a ABA001 |b 20 | ||
| 044 | |a xr | ||
| 910 | |a RBIT002 | ||
| 998 | |d 209847 |a https://core.palmknihy.cz/api/books/209847/cover?qifqdw |b https://core.palmknihy.cz/api/books/209847/cover/400?qifqdw |c https://core.palmknihy.cz/api/books/209847/cover/50?qifqdw |e 2026-10-26 |g 208 |i 9788075857248 |j https://core.palmknihy.cz/api/books/209847/preview.epub |k https://core.palmknihy.cz/api/books/209847/preview.pdf |l |q 49 |r 1 |s https://www.palmknihy.cz/kniha/209847 |t ebook |y 2020 |z 0 |v Neotvírat! |w 3 | ||
| 999 | |d 311248 | ||